01352nam a2200265 a 450000100100000000500170001000800410002704000250006808200210009310000230011424501110013726000510024830000110029949000690031059000270037965100680040665100680047470000390054283000730058191000370065495201340069195201190082595201250094499900170106900002402520250924073802.0110118s1986 dr 000 0 spa d aDO-SdBNPbspacBNPHU a320.97293bA696g1 aArias, Luis93202310aGobierno del PRD y su política exterior período 1978-1986 /cLuis Arias ; prólogo Roberto Álvarez. aSanto Domingo :bEditora Universitaria,c1986. a130 p.1 aPublicaciones de la Universidad Autonóma de Santo Domingov476 aInventariado, 2018/ YL 4aRepública DominicanaxPolítica Y Gobiernoy1978-1986949365 4aRepública DominicanaxRelaciones Exterioresy1978-198694936612aÁlvarez, Robertoepról.949367 aPublicaciones de la Universidad Autónoma de Santo Domingov476952 aValidado. Control de calidad MFF 001054728PDaGRbGRcHDd2011-01-18iLF1l0o320.97293 A696gp24025-20r2020-06-25te. 2w2020-06-25yLFPDZPréstamo en sala 0010718PDaPDbPDcHDd2011-01-18iLF1l0o320.97293 A696gp24025-10r2020-06-25w2020-06-25yLFPDZNo se presta 0010718DSaPDbPDcHDd2011-01-20iLF1l0o320.97293 A696gp24025-30r2020-06-25te. 3w2020-06-25yLFDSZNo se presta c23520d23520